SCIENTIA HORTICULTURAE (Record no. 19049)

MARC details
000 -LEADER
fixed length control field 00435nam a2200145Ia 4500
022 ## - INTERNATIONAL STANDARD SERIAL NUMBER
ISSN 0304-4238
245 #0 - TITLE STATEMENT
Title SCIENTIA HORTICULTURAE
260 ## - PUBLICATION, DISTRIBUTION, ETC. (IMPRINT)
Name of publisher Elsevier, Amsterdam, The Netherlands
310 ## - CURRENT PUBLICATION FREQUENCY
Current publication frequency 4vy
500 ## - GENERAL NOTE
General note Ending Volume & Year: 78, 1999
500 ## - GENERAL NOTE
General note Missing Volume: 36-43;55(1-2);72(2);73(4);74(1-2);76(3-4)
500 ## - GENERAL NOTE
General note Starting Volume & Year: 32, 1987
942 ## - ADDED ENTRY ELEMENTS (KOHA)
Koha item type Bound Journal
Holdings
Withdrawn status Lost status Damaged status Not for loan Home library Current library Date acquired Accession Number Koha item type
      Bound journals RRII Library RRII Library 31/12/2021 21013J Bound Journal